NJPW IWGP Heavyweight Champions - Statistics

General Stats
  • This quiz has been taken 274 times
  • The average score is 39 of 73
Answer Stats
nth Champion Name % Correct
57th Kazuchika Okada
96%
59th Kazuchika Okada
96%
63rd Kazuchika Okada
96%
65th Kazuchika Okada
96%
69th Kazuchika Okada
96%
66th Kenny Omega
96%
45th Hiroshi Tanahashi
88%
47th Hiroshi Tanahashi
88%
50th Hiroshi Tanahashi
88%
52nd Hiroshi Tanahashi
88%
56th Hiroshi Tanahashi
88%
58th Hiroshi Tanahashi
88%
61st Hiroshi Tanahashi
88%
67th Hiroshi Tanahashi
88%
34th Shinsuke Nakamura
87%
48th Shinsuke Nakamura
87%
53rd Shinsuke Nakamura
87%
60th AJ Styles
84%
62nd AJ Styles
84%
1st Antonio Inoki
83%
73rd Kota Ibushi
80%
64th Tetsuya Naito
80%
70th Tetsuya Naito
80%
72nd Tetsuya Naito
80%
44th Brock Lesnar
78%
68th Jay White
75%
71st Evil
67%
4th Big Van Vader
51%
7th Big Van Vader
51%
10th Big Van Vader
51%
41st Satoshi Kojima
44%
55th Satoshi Kojima
44%
13th The Great Muta
43%
33rd Hiroyoshi Tenzan
42%
35th Hiroyoshi Tenzan
42%
40th Hiroyoshi Tenzan
42%
42nd Hiroyoshi Tenzan
42%
22nd Masahiro Chono
41%
17th Keiji Mutoh
39%
24th Keiji Mutoh
39%
49th Keiji Mutoh
39%
54th Togi Makabe
39%
31st Yuji Nagata
39%
46th Yuji Nagata
39%
2nd Tatsumi Fujinami
35%
3rd Tatsumi Fujinami
35%
9th Tatsumi Fujinami
35%
11th Tatsumi Fujinami
35%
15th Tatsumi Fujinami
35%
21st Tatsumi Fujinami
35%
37th Bob Sapp
33%
6th Riki Choshu
32%
8th Riki Choshu
32%
12th Riki Choshu
32%
23rd Scott Norton
32%
28th Scott Norton
32%
20th Kensuke Sasaki
31%
26th Kensuke Sasaki
31%
27th Kensuke Sasaki
31%
36th Kensuke Sasaki
31%
39th Kensuke Sasaki
31%
14th Shinya Hashimoto
31%
16th Shinya Hashimoto
31%
19th Shinya Hashimoto
31%
25th Genichiro Tenryu
26%
51st Manabu Nakanishi
26%
29th Kazuyuki Fujita
24%
38th Kazuyuki Fujita
24%
43rd Kazuyuki Fujita
24%
5th Salman Hashimikov
21%
32nd Yoshihiro Takayama
21%
18th Nobuhiko Takada
17%
30th Tadao Yasuda
16%
No matching quizzes found
Score Distribution
Percent of People with Each Score
Percentile by Number Answered
Your Score History
You have not taken this quiz